Statistics for Generation 6 Pokémon (Kalos Region)

Click here to take the quiz!

General Stats

  • This quiz has been taken 45 times
  • The average score is 67 of 72

Answer Stats

NumberTypeAnswer% Correct
#0654FireBraixen
100%
#0652Grass/FightingChesnaught
100%
#0650GrassChespin
100%
#0655Fire/PsychicDelphox
100%
#0653FireFennekin
100%
#0662Fire/FlyingFletchinder
100%
#0661Normal/FlyingFletchling
100%
#0656WaterFroakie
100%
#0657WaterFrogadier
100%
#0658Water/DarkGreninja
100%
#0701Fighting/FlyingHawlucha
100%
#0720Psychic/GhostHoopa
100%
#0710Ghost/GrassPumpkaboo
100%
#0663Fire/FlyingTalonflame
100%
#0721Fire/WaterVolcanion
100%
#0718Dragon/GroundZygarde
100%
#0681Steel/GhostAegislash
96%
#0702Electric/FairyDedenne
96%
#0680Steel/GhostDoublade
96%
#0706DragonGoodra
96%
#0704DragonGoomy
96%
#0711Ghost/GrassGourgeist
96%
#0679Steel/GhostHonedge
96%
#0707Steel/FairyKlefki
96%
#0651GrassQuilladin
96%
#0690Poison/WaterSkrelp
96%
#0705DragonSliggoo
96%
#0665BugSpewpa
96%
#0709Ghost/GrassTrevenant
96%
#0697Rock/DragonTyrantrum
96%
#0666Bug/FlyingVivillon
96%
#0716FairyXerneas
96%
#0717Dark/FlyingYveltal
96%
#0698Rock/IceAmaura
92%
#0699Rock/IceAurorus
92%
#0713IceAvalugg
92%
#0659NormalBunnelby
92%
#0703Rock/FairyCarbink
92%
#0719Rock/FairyDiancie
92%
#0660Normal/GroundDiggersby
92%
#0691Poison/DragonDragalge
92%
#0677PsychicEspurr
92%
#0695Electric/NormalHeliolisk
92%
#0694Electric/NormalHelioptile
92%
#0686Dark/PsychicInkay
92%
#0667Fire/NormalLitleo
92%
#0678PsychicMeowstic
92%
#0714Flying/DragonNoibat
92%
#0715Flying/DragonNoivern
92%
#0708Ghost/GrassPhantump
92%
#0668Fire/NormalPyroar
92%
#0664BugScatterbug
92%
#0685FairySlurpuff
92%
#0682FairySpritzee
92%
#0684FairySwirlix
92%
#0700FairySylveon
92%
#0696Rock/DragonTyrunt
92%
#0683FairyAromatisse
88%
#0712IceBergmite
88%
#0669FairyFlabébé
88%
#0670FairyFloette
88%
#0671FairyFlorges
88%
#0673GrassGogoat
88%
#0687Dark/PsychicMalamar
88%
#0674FightingPancham
88%
#0675Fighting/DarkPangoro
88%
#0672GrassSkiddo
88%
#0689Rock/WaterBarbaracle
83%
#0688Rock/WaterBinacle
83%
#0692WaterClauncher
83%
#0693WaterClawitzer
83%
#0676NormalFurfrou
75%

Score Distribution

Percentile by Number Answered

Percent of People with Each Score

Your Score History

You have not taken this quiz